'X' 'Y' and 'Z' Superheroes and Supervillains Quiz Stats

 Plays Quiz not verified by Sporcle

Challenge
Share
Tweet
Score 0/9 Timer 10:00
0 Plays Today
% Correct
X-Men
96.5%
Yellowjacket
86%
Zod
82.5%
Zemo
77.2%
Yondu
73.7%
Zatanna
70.2%
Young Avengers
68.4%
Zzzax
35.1%
X-Ray
29.8%

You're not logged in!

Compare scores with friends on all Sporcle quizzes.
Join for Free
OR
Log In

You Might Also Like...

Show Comments

Extras

Top Quizzes Today


Score Distribution

Your Account Isn't Verified!

In order to create a playlist on Sporcle, you need to verify the email address you used during registration. Go to your Sporcle Settings to finish the process.

Report this User

Report this user for behavior that violates our Community Guidelines.

Details: